LEADER 00872nam a2200217 i 4500 001 000000155641 003 CaOOAMICUS 005 20190624102825.0 008 061116s1936 it u000 u ita u 013 $a132995 040 $aSeMil$bita 245 10$a3: 1823-1826. 300 $a298 p., [4] c. di tav. 700 1 $aLeopardi, Giacomo,$d<1798-1837>.$0(OLS)http://semarc/name/1218 700 1 $aMoroncini, Francesco.$0(OLS)http://semarc/name/7745 773 0 $aLeopardi, Giacomo <1798-1837>$tEpistolario di Giacomo Leopardi.$bNuova edizione ampliata con lettere dei corrispondenti e con note illustrative.$dFirenze : Le Monnier, 1934-1941.$w()16846 850 $aSeMil 852 $aSeMil$W1$xVenegono$y1$m1E I 46$j107472$B107472$CSeMilBibl$Z2$F116949 $81 961 $aRecupero: Altro 996 $6245$a3: 1823-1826$9(OLS)http://semarc/title/227988 LEADER 01577nam a2200265 i 4500 001 000000250980 003 CaOOAMICUS 005 20230309144258.0 008 160829s1654 it u000 u ita u 026 $au.p. r.s. dita veip (3) 1654 (Q) 040 $aSeMil$bita 100 1 $aPuccinelli, Placido,$d<1609-1685>.$0(OLS)http://semarc/name/18985 245 10$aDella fede, e nobiltą del notaio colla serie di molti soggetti insigni per sangue, dignitą, lettere, ed armi; con vna erudita informazione ą fauore del notariato ... opera del p. d. Placido Puccinelli decano cassinese .. 260 $aIn Milano :$bNella Reg. Duc. Corte, per Giulio Cesare Malatesta Stampator R.C.,$c[1654] 300 $a[16], 24, [2], 25-306 p. ;$c4°. 500 $aData di pubblicazione presunta, 1654, a c. a3r. 500 $aIniz. xilogr. 500 $aSegn.: a8 A-C4 ?1 D-2O4 2P6 650 4$aNotai (professione) - Storia.$0(OLS)http://semarc/subject/42983 700 1 $aMalatesta, Giulio Cesare,$c.$0(OLS)http://semarc/name/81653 850 $aSeMil 852 $aSeMil$W1$xVenegono$y1$m3L III 109 FA$j201326$B201326$CSeMilBibl$Z2$F213086 $8I 996 $6245$aDella fede, e nobiltą del notaio colla serie di molti soggetti insigni per sangue, dignitą, lettere, ed armi; con vna erudita informazione ą fauore del notariato ... opera del p. d. Placido Puccinelli decano cassinese ..$9(OLS)http://semarc/title/353113 996 $6260$aIn Milano :$bNella Reg. Duc. Corte, per Giulio Cesare Malatesta Stampator R.C.$9(OLS)http://semarc/publisher/55437